| 000 | 00875nam a2200229Ia 4500 | ||
|---|---|---|---|
| 003 | OSt | ||
| 005 | 20200908105305.0 | ||
| 008 | 191128s2010 ck a gr 000 0 spa d | ||
| 020 | _a9789588675046 | ||
| 040 |
_aCO-JMCR _cCO-JMCR |
||
| 041 | 0 | _aspa | |
| 082 | 0 | 4 |
_a363.11 / _bS342e _223 |
| 100 | 1 |
_aSiles Gonzalez, Nilo, _eautor _99925 |
|
| 245 | 1 | 0 |
_aEvaluación de riesgos : _bplanificación de la acción preventiva en la empresa / _cNilo Silos González |
| 250 | _aPrimera edición | ||
| 260 |
_aBogotá : _bEdiciones de la U, _c2010 |
||
| 300 |
_a190 páginas : _bilustraciones a blanco y negro ; _c25 cm. |
||
| 505 | 0 | _aGeneralidades -- Identificación de peligros -- Estimación de las consecuencias de la aparición del riesgo -- Análisis de la exposición | |
| 650 | 1 | 4 |
_aEvaluación de riegos _99926 |
| 650 | 1 | 4 |
_aSeñales de peligro _99927 |
| 942 |
_2ddc _cBK |
||
| 999 |
_c4757 _d4757 |
||